书目信息 |
| 题名: |
基础有机化学
|
|
| 作者: | 邢其毅 编 | |
| 分册: | 上册 | |
| 出版信息: | 北京 高等教育出版社 1980 |
|
| 页数: | 632页 | |
| 开本: | 26cm | |
| 丛书名: | ||
| 单 册: | ||
| 中图分类: | O62 | |
| 科图分类: | ||
| 主题词: | 有机化学 | |
| 电子资源: | ||
| ISBN: | ||
| 000 | 00613nam0 2200229 45 | |
| 001 | 0194006203 | |
| 005 | 20051229103649.89 | |
| 010 | @dCNY2.90 | |
| 091 | @a13010.0473 | |
| 100 | @a19940218d1980 em y0chiy0121 ea | |
| 101 | 0 | @achi |
| 102 | @aCN@b110000 | |
| 105 | @ay z 000yy | |
| 200 | 10 | @a基础有机化学@AJI CHU YOU JI HUA XUE@h上册@f邢其毅等编@FXING QI YI DENGBIAN |
| 210 | @a北京@c高等教育出版社@d1980 | |
| 215 | @a632页@d26cm | |
| 300 | @a高等学校试用教材 | |
| 606 | 0 | @a有机化学 |
| 690 | @aO62@v3 | |
| 701 | 0 | @a邢其毅@AXING QI YI@4编 |
| 801 | 0 | @aCN@bNLC@c20051229 |
| 905 | @dO62@e10:1@f1@b144457 | |
| 基础有机化学.上册/邢其毅等编.-北京:高等教育出版社,1980 |
| 632页;26cm |
| 高等学校试用教材 |
| ISBN :CNY2.90 |
| ● |
| 相关链接 |
|
|
|
|
正题名:基础有机化学
索取号:O62/10:1
 
预约/预借
| 序号 | 登录号 | 条形码 | 馆藏地/架位号 | 状态 | 备注 |
| 1 | 0038221 | 001049966 | 第三借阅区/ [索取号:O62/10:1] | 在馆 | |
| 2 | 0038222 | 202175092 | 密集书库/ [索取号:O62/10:1] | 在馆 | |
| 3 | 0038223 | 202183733 | 密集书库/ [索取号:O62/10:1] | 在馆 | |
| 4 | 0038225 | 000699658 | 第三借阅区/ [索取号:O62/10:1] | 在馆 | |
| 5 | 0038226 | 202183724 | 密集书库/ [索取号:O62/10:1] | 在馆 | |
| 6 | 0038227 | 000699667 | 第三借阅区/ [索取号:O62/10:1] | 在馆 | |
| 7 | 0038228 | 202183715 | 密集书库/ [索取号:O62/10:1] | 在馆 | |
| 8 | 0038229 | 000699676 | 第三借阅区/ [索取号:O62/10:1] | 在馆 | |
| 9 | 0038230 | 202174805 | 密集书库/ [索取号:O62/10:1] | 在馆 | |
| 10 | 0089205 | 001049957 | 第三借阅区/ [索取号:O62/10:1] | 在馆 | |
| 11 | 0144456 | 202183706 | 密集书库/ [索取号:O62/10:1] | 在馆 | |
| 12 | 0144457 | 001948539 | 第三借阅区/ [索取号:O62/10:1] | 在馆 | |
| 13 | 0144458 | 001049948 | 第三借阅区/ [索取号:O62/10:1] | 在馆 | |
| 14 | 0144459 | 001050178 | 第三借阅区/ [索取号:O62/10:1] | 在馆 | |
| 15 | 0144460 | 202448734 | 第二样本阅览室/ [索取号:O62/10:1] | 在馆 | |
| 16 | 0157887 | 001050061 | 第三借阅区/ [索取号:O62/10:1] | 在馆 | |
| 17 | 0158380 | 001050016 | 第三借阅区/ [索取号:O62/10:1] | 在馆 | |
| 18 | 0277012 | 202166583 | 密集书库/ [索取号:O62/10:1] | 在馆 | |
| 19 | 0277095 | 202180521 | 密集书库/ [索取号:O62/10:1] | 在馆 |